Jaki Klub Łączy Tych Piłkarzy - Statystyki

Ogólne statystyki
  • Ten quiz został rozwiązany 140 razy
  • Średni wynik to 5 z 10
Statystyki odpowiedzi
Nazwiska Klub % Poprawnych
Piotr Zieliński,Bruno Fernandes,Antonio Di Natale Udinese
92%
Pedro Porro,Cedric,Nani,Islam Slimani Sporting
71%
Munir,Gerard Deulofeu,Timothee Kolodziejczak Sevilla
62%
Ozan Kabak,Tim Krul,James Maddison,Wes Hoolahan Norwich
58%
Gabigol,Miranda,Borja Valero,Kwadwo Asamoah,Rey Manaj,Keita Balde Diao Inter
53%
Marc Cucurella,Robert Sanchez,Jose Izquierdo, Brighton
50%
Zlatko Junuzovic,Hwang Hee-Chan,Dayot Upamecano,Martin Hinteregger Red Bull Salzburg
31%
Maxime Dupe,Alban Lafont,Dominik Furman,Ola Toivonen Toulouse
28%
Johan Gudmundsson,Maxwell Cornet,Andre Gray,Patrick Bamford Burnley
25%
Carles Alena,Jakub Jankto,Miguel Angel Moya,Emiliano Buendia Getafe
21%
Nie znaleziono quizów pasujących do podanych kryteriów
Rozkład punktacji
Procent ludzi z każdym wynikiem
Percentyl według liczby udzielonych odpowiedzi
Twoja historia wyników
Nie rozwiązałeś tego quizu